000
00278nam a22001097a 4500
082
_a
621.3 BUC'E
100
_a
PRICE, E. M,BUCKINGHAM, H
_9
57259
245
_a
ELECTRO TECHNOLOGY FOR NATIONAL CERTIFICATE COURSES
250
_a
VOL-II
260
_a
LONDON
_b
EUP
_c
1959
942
_c
BK
999
_c
567554
_d
567554